| 000 | 01306nam a2200325 4500 | ||
|---|---|---|---|
| 005 | 20250609105340.0 | ||
| 008 | 070220s2001 -hk b 000 0 chi d | ||
| 020 | _a9627997498 :HK90/72 | ||
| 040 | _aBSOP | ||
| 041 | _aChinese | ||
| 090 |
_aBR1288 _bL57 _b2001 |
||
| 100 | 1 | _aLeung, Ka-lun. | |
| 245 | 1 | 0 |
_aBy faith they did it {ch} : _bBeijing Christian Student Association and Chinese Christian Evangelistic band / _cLeung Ka-lun. |
| 260 |
_aXianggang : _bJian dao shen xue yuan, _c2001. |
||
| 300 |
_axx, 243 p. ; _c22 cm. |
||
| 490 | 1 |
_aCCCRC Occasional paper; _v10. |
|
| 490 | 1 |
_aWen hua ji kan ; _v10. |
|
| 504 | _aFu can kao wen xian. | ||
| 610 | 2 | 4 | _aBeijing Christian Student Association (China) {ch}. |
| 610 | 2 | 4 | _aBeijing Christian Student Association Evangelistic Band (China) {ch}. |
| 610 | 2 | 4 |
_aBeijing Jidu tu xue sheng hui _xHistory {ch}. |
| 610 | 2 | 4 |
_aZhonghua Jidu tu bu dao hui _xHistory {ch}. |
| 650 | 4 |
_aChurch and state _zChina _xHistory _y20th century {ch}. |
|
| 650 | 4 |
_aPersecution _zChina _xHistory _y20th century {ch}. |
|
| 651 | 4 |
_aChina _xChurch history _y20th century {ch}. |
|
| 700 | 1 | _aLiang, Jialin. | |
| 740 | 0 | 2 | _aTa men shi wei le xin yang : Beijing Jidu tu xue sheng hui yu Zonghua Jidu tu bu dao hui / Liang Jialin zhu. |
| 942 | _2lcc | ||
| 951 | _x00034405 | ||
| 999 |
_c28630 _d28630 |
||